Lenguas y comunidades en la Europa moderna

Guardat en:
Dades bibliogràfiques
Autor principal: Burke, Peter (autor)
Altres autors: Blasco Castiñeyra, Jaime (traductor)
Format: Llibre
Idioma:anglès
espanyol
Publicat: Madrid, España Akal S. A. 2006
Col·lecció:Historia Moderna, 251
Matèries:
Etiquetes: Afegir etiqueta
Sense etiquetes, Sigues el primer a etiquetar aquest registre!

MARC

LEADER 00000nam a22000007a 4500
003 CL-VaPUC
005 20210705122146.0
008 210527b ||||| |||| 00| 0 eng d
999 |c 433006  |d 433004 
020 |a 9788446023012 
040 |c Pontificia Universidad Católica de Valparaíso 
041 0 |a spa 
082 0 |2 21  |a 306.44 BUR 2006 
100 1 |a Burke, Peter  |e autor  |9 861062 
245 1 0 |a Lenguas y comunidades en la Europa moderna 
260 3 |a Madrid, España  |b Akal S. A.  |c 2006 
300 |a 237 páginas 
490 |a Historia Moderna,   |v  251 
500 |a Donación VRA N. Vásquez L. 
583 |c 20210527  |k Daniel Castañeda 
650 0 0 |9 263716  |a Sociolingüística  |x Historia de Europa  |y Siglos 15-18 
650 0 0 |a Historia cultural  |9 353068  |x Multilingüismo  |x Etnolingüística  |z Europa 
700 1 |a Blasco Castiñeyra, Jaime  |e traductor  |9 861063 
942 |2 ddc  |c BK 
952 |0 0  |1 0  |2 ddc  |4 0  |6 306_440000000000000_BUR_2006  |7 0  |8 A  |9 577904  |a BIBHIS  |b BIBHIS  |d 2021-05-27  |i 5621178  |o 306.44 BUR 2006  |p 5621178  |r 2025-01-20  |t 1  |w 2021-05-27  |y BK  |k HIS